Pays terminant en "IE" - Statistiques

Statistiques générales
  • Ce quiz a été pris 159 fois
  • Le résultat moyen est 30 sur 39
Réponses sur la Carte
Les réponses sont colorées sur une échelle allant du rouge au vert en fonction du pourcentage des utilisateurs qui les ont devinées à leur premier essai. Vous pouvez retrouver ces pourcentages ci-dessous.
 
Statistiques - réponses
Réponse % Correct
Russie
96%
Australie
94%
Lituanie
93%
Estonie
92%
Italie
92%
Lettonie
89%
Tunisie
87%
Algérie
86%
Slovaquie
86%
Slovénie
86%
Croatie
84%
Indonésie
84%
Albanie
83%
Roumanie
83%
Turquie
83%
Bolivie
80%
Colombie
80%
Arménie
79%
Mongolie
79%
Biélorussie
78%
Hongrie
78%
Bulgarie
77%
Éthiopie
77%
Moldavie
77%
Namibie
77%
Serbie
77%
Somalie
76%
Jordanie
75%
Mauritanie
74%
Zambie
73%
Géorgie
71%
Tanzanie
71%
Malaisie
69%
Syrie
68%
Birmanie
65%
Gambie
65%
Tchéquie
50%
Micronésie
47%
Sainte-Lucie
41%
Aucun quiz correspondant
Distribution des résultats
% des personnes avec chaque résultat
Percentile par nombre de réponses
Votre historique - résultats
Vous n’avez pas pris ce quiz